| 000 -LEADER | |
|---|---|
| fixed length control field | 01196nam a2200277Ia 4500 |
| 008 - FIXED-LENGTH DATA ELEMENTS--GENERAL INFORMATION | |
| fixed length control field | 191130s1990##################000#0#eng## |
| 020 ## - INTERNATIONAL STANDARD BOOK NUMBER | |
| ISBN | 9780521360227 |
| 082 ## - DEWEY DECIMAL CLASSIFICATION NUMBER | |
| Classification number | 327.47063 PAT |
| 100 ## - MAIN ENTRY--AUTHOR NAME | |
| Personal name | Patman, Robert G |
| 245 ## - TITLE STATEMENT | |
| Title | The Soviet Union in the horn of Africa : the diplomacy of intervention and disengagement |
| Statement of responsibility, etc | Robert G. Patman |
| 260 ## - PUBLICATION, DISTRIBUTION, ETC. (IMPRINT) | |
| Place of publication | Cambridge |
| Name of publisher | Cambridge University Press |
| Year of publication | c1990 |
| 300 ## - PHYSICAL DESCRIPTION | |
| Number of Pages | xvii, 411 p. : maps ; 24 cm |
| 500 ## - GENERAL NOTE | |
| General note | Revision of the author's thesis (Ph. D.)--University of Southhampton, 1986. Includes bibliographical references (p. 375-396) and index |
| 650 ## - SUBJECT ADDED ENTRY--TOPICAL TERM | |
| Topical Term | Ethiopia - Foreign relations - Soviet Union |
| Topical Term | Horn of Africa - Foreign relations - Soviet Union |
| Topical Term | Horn of Africa - Military relations - Soviet Union |
| Topical Term | Soviet Union - Foreign relations - Ethiopia |
| Topical Term | Soviet Union - Foreign relations - Horn of Africa |
| Topical Term | Soviet Union - Military relations - Horn of Africa |
| 710 ## - ADDED ENTRY--CORPORATE NAME | |
| Corporate name or jurisdiction name as entry element | Thomas Leiper Kane Collection (Library of Congress. Hebraic Section) |
| 991 ## - | |
| -- | 132314 |
| Withdrawn status | Lost status | Damaged status | Not for loan | Home library | Current library | Shelving location | Date acquired | Full call number | Accession Number | Price effective from | Koha item type |
|---|---|---|---|---|---|---|---|---|---|---|---|
| Anna Centenary Library | Anna Centenary Library | 3RD FLOOR, B WING | 09.10.2020 | 327.47063 PAT | 103281 | 09.10.2020 | English Books |